MARC details
| 000 -LEADER |
| fixed length control field |
01653nam a2200517 i 4500 |
| 003 - CONTROL NUMBER IDENTIFIER |
| control field |
CtWfDGI |
| 020 ## - INTERNATIONAL STANDARD BOOK NUMBER |
| International Standard Book Number |
0851994806 |
| 040 ## - CATALOGING SOURCE |
| Original cataloging agency |
CtWfDGI |
| Transcribing agency |
CtWfDGI |
| 082 04 - DEWEY DECIMAL CLASSIFICATION NUMBER |
| Classification number |
333.75/13/094 |
| 100 1# - MAIN ENTRY--PERSONAL NAME |
| Personal name |
Mantau, Udo, |
| 245 10 - TITLE STATEMENT |
| Title |
Recreational and environmental markets for forest enterprises: |
| Remainder of title |
a new approach towards marketability of public goods |
| 260 ## - PUBLICATION, DISTRIBUTION, ETC. (IMPRINT) |
| Place of publication, distribution, etc |
UK |
| Name of publisher, distributor, etc |
CAB International |
| Date of publication, distribution, etc |
2001 |
| 300 ## - PHYSICAL DESCRIPTION |
| Extent |
1 online resource (xi, 541 pages) : |
| 500 ## - GENERAL NOTE |
| General note |
CAB International |
| 546 ## - LANGUAGE |
| Language note |
English |
| 650 #0 - SUBJECT ADDED ENTRY--TOPICAL TERM |
| Topical term or geographic name as entry element |
Forests and forestry |
| 650 #0 - SUBJECT ADDED ENTRY--TOPICAL TERM |
| Topical term or geographic name as entry element |
Forests and forestry |
| 650 #0 - SUBJECT ADDED ENTRY--TOPICAL TERM |
| Topical term or geographic name as entry element |
Forest products |
| 650 #4 - SUBJECT ADDED ENTRY--TOPICAL TERM |
| Topical term or geographic name as entry element |
Forestry Economics, (New March 2000) |
| 650 #4 - SUBJECT ADDED ENTRY--TOPICAL TERM |
| Topical term or geographic name as entry element |
Leisure, Recreation and Tourism Economics, (New March 2000) |
| 650 #4 - SUBJECT ADDED ENTRY--TOPICAL TERM |
| Topical term or geographic name as entry element |
Marketing and Distribution. |
| 650 #4 - SUBJECT ADDED ENTRY--TOPICAL TERM |
| Topical term or geographic name as entry element |
Forests and Forest Trees (Biology and Ecology) |
| 650 #4 - SUBJECT ADDED ENTRY--TOPICAL TERM |
| Topical term or geographic name as entry element |
Silviculture and Forest Management. |
| 650 #4 - SUBJECT ADDED ENTRY--TOPICAL TERM |
| Topical term or geographic name as entry element |
Forest Products and Industries (General) |
| 650 #4 - SUBJECT ADDED ENTRY--TOPICAL TERM |
| Topical term or geographic name as entry element |
Recreational Facilities and Management, (New March 2000) |
| 650 #4 - SUBJECT ADDED ENTRY--TOPICAL TERM |
| Topical term or geographic name as entry element |
Tourism and Travel. |
| 650 #7 - SUBJECT ADDED ENTRY--TOPICAL TERM |
| Topical term or geographic name as entry element |
Case studies. |
| 650 #7 - SUBJECT ADDED ENTRY--TOPICAL TERM |
| Topical term or geographic name as entry element |
Environment. |
| 650 #7 - SUBJECT ADDED ENTRY--TOPICAL TERM |
| Topical term or geographic name as entry element |
Forest economics. |
| 650 #7 - SUBJECT ADDED ENTRY--TOPICAL TERM |
| Topical term or geographic name as entry element |
Forest management. |
| 650 #7 - SUBJECT ADDED ENTRY--TOPICAL TERM |
| Topical term or geographic name as entry element |
Forest policy. |
| 650 #7 - SUBJECT ADDED ENTRY--TOPICAL TERM |
| Topical term or geographic name as entry element |
Forest products. |
| 650 #7 - SUBJECT ADDED ENTRY--TOPICAL TERM |
| Topical term or geographic name as entry element |
Forest recreation. |
| 650 #7 - SUBJECT ADDED ENTRY--TOPICAL TERM |
| Topical term or geographic name as entry element |
Forests. |
| 650 #7 - SUBJECT ADDED ENTRY--TOPICAL TERM |
| Topical term or geographic name as entry element |
Marketing. |
| 650 #7 - SUBJECT ADDED ENTRY--TOPICAL TERM |
| Topical term or geographic name as entry element |
Multiple use. |
| 650 #7 - SUBJECT ADDED ENTRY--TOPICAL TERM |
| Topical term or geographic name as entry element |
Non-market benefits. |
| 650 #7 - SUBJECT ADDED ENTRY--TOPICAL TERM |
| Topical term or geographic name as entry element |
Property rights. |
| 650 #7 - SUBJECT ADDED ENTRY--TOPICAL TERM |
| Topical term or geographic name as entry element |
Research projects. |
| 650 #7 - SUBJECT ADDED ENTRY--TOPICAL TERM |
| Topical term or geographic name as entry element |
Tourism. |
| 700 1# - ADDED ENTRY--PERSONAL NAME |
| Personal name |
Merlo, M., |
| 700 1# - ADDED ENTRY--PERSONAL NAME |
| Personal name |
Sekot, W. |
| 700 1# - ADDED ENTRY--PERSONAL NAME |
| Personal name |
Welcker, Borris, |
| 856 40 - ELECTRONIC LOCATION AND ACCESS |
| Uniform Resource Identifier |
http://dx.doi.org/10.1079/9780851994802.0000 |
| 942 ## - ADDED ENTRY ELEMENTS (KOHA) |
| Source of classification or shelving scheme |
Dewey Decimal Classification |
| Koha item type |
e-Books |